000 01307pam a2200301 a 4500
999 _c18279
_d18279
001 4330645
005 20161205100919.0
008 881025s1989 njuaf b 001 0 eng
010 _a 88039313
020 _a0691040656 (alk. paper) :
_c$60.00
040 _aDLC
_cDLC
_dDLC
050 0 0 _aND673.R9
_bA67 1989
100 1 _aMillen, Ronald.
245 1 0 _aHeroic deeds and mystic figures :
_ba new reading of Rubens' Life of Maria de' Medici /
_cRonald Forsyth Millen and Robert Erich Wolf.
260 _aPrinceton, N.J. :
_bPrinceton University Press,
_cc1989.
300 _axiv, 256 p., [63] p. of plates :
_bill. ;
_c29 cm.
500 _aIncludes index.
504 _aBibliography: p. 244-248.
600 1 0 _aRubens, Peter Paul,
_d1577-1640.
_tHistories of Marie de Médicis.
600 1 0 _aRubens, Peter Paul,
_d1577-1640
_xCriticism and interpretation.
600 0 0 _aMarie de Médicis,
_cQueen, consort of Henry IV, King of France,
_d1573-1642
_vPortraits.
700 1 _aWolf, Robert Erich.
942 _2lcc
_cBOOKS
_hND673.R9 A67 1989